000 00620nam a2200217 a 4500
001 13678
003 BD-JhCC
005 20240313204028.0
008 240313b2019 nyu |||| ||a| 001 0 eng d
020 _a 9781473660571
035 _a(BD-JhCC)13678
040 _aBD-JhCC
_dBD-JhCC
041 _aenglish
082 _a970
_bHAN 2019
100 _a Hancock, Graham
245 _a America Before :
_bThe key to earth's lost civilization /
_cGraham Hancock .
260 _aLondon:
_bCoronet;
_c2019.
300 _a767 p, :
_bill;
_c22 cm
650 _a America
_x America Civilization
_zAmerica History
942 _2ddc
_cBK
999 _c13678
_d13678